000 00373nam a22000857a 4500
008 160509b xxu||||| |||| 00| 0 eng d
100 _aHagemann, G.
245 _aDanmarks og Dansk Vestindiens Tofarvede Frimæker, 1870-1905 (Bind 3) /
_bDenmark and Danish West Indies Bicolored Postage Stamps, 1870-1905 (Volume 3)
260 _bKøbenhavns Philatelist Klub Copenhagen, Denmark
_c1941
999 _c2002
_d2002